Epic the Musical Characters by Lyric - Statistics

General Stats
  • This quiz has been taken 1,559 times
  • The average score is 20 of 28
Answer Stats
Quote Character % Correct
You don't think I know my own palace? I built it Odysseus
98%
Don't forget that you're a warrior of a very special kind Athena
84%
Don't thank me friend; You very well may die Hermes
82%
Pride is a damsel in distress Zeus
82%
You all know I'm a fan of catchy songs Apollo
81%
Pathetic and weak like his son! Ares
81%
Everyone's true colors are revealed in acts of... lust Circe
81%
Hey baby... Hera
81%
You can relax my friend Polites
80%
You are the worst kind of good, cuz you're not even great Poseidon
80%
Claims to love his mother, but let her die of a broken heart Aphrodite
79%
I am sorry my love's too much for you Calypso
79%
Spare us- spare us please Sirens
77%
Whoa, that is so sick! Telemachus
74%
I am the wind, twisting and turning Aeolus
73%
Where is he? Where is the man who'll have you to wife? Suitors
73%
Trust is not given, it's forged Hephaestus
72%
You shall be the final man to die Polyphemus
71%
When's your tramp of a mother gonna choose a new husband? Antinous
70%
Bleed 'til you've run out of years Scylla
69%
We're never gonna get to make it home, you know it's true Eurylochus
68%
I never thought that these would be the lengths we go for love Penelope
68%
I see your palace covered in red Tiresias
68%
East, that way Lotus Eaters
67%
Curse the war, our food store's depleted Crew
56%
Even if you're the last thing I see, I'll be waiting Anticlea
51%
I drank wine from a chalice on top of Circe's palace Elpenor
35%
Old king, our leader is dead Eurymachus
32%
No matching quizzes found
Score Distribution
Percent of People with Each Score
Percentile by Number Answered
Your Score History
You have not taken this quiz